000 00474nam a2200181Ia 4500
001 8443
005 20260306160609.0
008 260306t2013||||xx |||||||||||||| ||spa||
041 _aESP
082 _a371.02
_bL582
100 _aLucero, Martín
_eAUT
245 0 _aDocentes privados, desafíos particulares:
_beducación privada e inclusión social
260 _c2013
300 _a122 páginas :
_c22 cm.
650 _aGEN
654 _aCED
942 _cLIB
_dJUS
_fJUS
_2ddc
_n
999 _c8443
_d8443